000 00486nam a2200157 i 4500
001 38659
003 ES-MaACL
005 20230906155809.0
007 t|
008 030226s1917 xxk ||||1| eng d
100 1 _aBury, John Bagnell.
_932798
245 1 0 _aA history of Greece to the death of Alexander the Great /
_cJ.B. Bury.
260 _aLondon :
_b[s.n.,
_c1917] (
_eEdinburgh :
_fR. & R. Clark)
300 _aXXV, 909 p. :
_bgrab., 1 map. ;
_c19 cm.
852 _aES-MaACL
_jF-11019
999 _c38659
_d38659